000 01079cam a2200301 a 4500
001 16100228
003 ARRUPE
005 20220401092417.0
008 100222r19992009nyua b 001 0 eng
010 _a 2010286532
020 _a9780393334777 (pbk.)
040 _aDLC
_cDLC
_dDLC
050 0 0 _aQP360.5
_b.P56 2009
082 0 0 _a612.8
_222
100 1 _aPinker, Steven,
_d1954-
_99107
245 1 0 _aHow the mind works /
_cSteven Pinker.
260 _aNew York :
_bPenguin Books
_c1997
300 _axviii, 661 p. :
_bill. ;
_c24 cm.
500 _a"First published as a Norton paperback 1999; reissued 2009"--T.p. verso.
650 0 _aCognitive neuroscience.
_914651
650 0 _aNeuropsychology.
_914701
650 0 _aNatural selection.
_950763
650 0 _aHuman evolution.
650 0 _aPsychology.
_920
906 _a7
_bcbc
_corigcop
_d2
_encip
_f20
_gy-gencatlg
942 _2lcc
_cMONOGRAPH
999 _c131189
_d131189